00815 2200265 4500001002100000005001500021035002000036007000300056008004100059020001800100082001000118084001400128100002000142245016300162250001000325260003000335300004000365650002800405700001800433700001900451700002700470504003000497990001100527990001100538INLIS00000000000428320191022032946 a0010-1019000135ta191022 g 0 ind  a602-74175-0-1 a303.4 a303.4 ETN0 aALIE HUMAEDI, M1 aEtnografi Bencana :bMenakar peran para pemimpin lokal dalam pengurangan resiko bencana /cM. Alie Humaedi, Saiful Hakam, Sari Seftiani, Jane Kartika Propiona acet.1 aYogyakarta :bLKiS,c2016 axiviii, 203 hlm. :bilus. ;c21 cm. 4aSOSIOLOGI. BENCANA ALAM0 aSAIFUL, Hakam0 aSARI, Seftiani0 aJANE, Kartika Propiona aBibliografi : hlm.195-203 a7051 a a7051 b